Relationship Marketing and CRM Systems. (Record no. 8511)
[ view plain ]
| 000 -LEADER | |
|---|---|
| fixed length control field | 01268cam a22001934a 4500 |
| 005 - ΗΜΕΡΟΜΗΝΙΑ ΚΑΙ ΩΡΑ ΤΕΛΕΥΤΑΙΑΣ ΕΝΗΜΕΡΩΣΗΣ | |
| Πεδίο ελέγχου | 20250605164338.0 |
| 008 - FIXED-LENGTH DATA ELEMENTS--GENERAL INFORMATION | |
| Πεδίο ελέγχου σταθερού μήκους | 250528s ||||||||||||||||||||||||d |
| 035 ## - SYSTEM CONTROL NUMBER | |
| System control number | 23502 |
| 040 ## - ΠΗΓΗ ΚΑΤΑΛΟΓΟΓΡΑΦΗΣΗΣ | |
| Φορέας πρωτότυπης καταλογογράφησης | MC Athens Campus Library |
| Γλώσσα καταλογογράφησης | Ελληνικά, Μοντέρνα (1453-) |
| Modifying agency | MC Athens Campus Library |
| Κανόνες περιγραφικής καταλογογράφησης | AACR2 |
| 245 1# - ΤΙΤΛΟΣ ΚΑΙ ΔΗΛΩΣΗ ΥΠΕΥΘΥΝΟΤΗΤΑΣ | |
| Τίτλος | Relationship Marketing and CRM Systems. |
| 260 ## - PUBLICATION, DISTRIBUTION, ETC. | |
| Date of publication, distribution, etc. | 2009 |
| 300 ## - PHYSICAL DESCRIPTION | |
| Extent | 79 |
| 520 ## - SUMMARY, ETC. | |
| Summary, etc. | Introduction, Traditional Marketing, The Meaning of 4Ps, History of Marketing Mix, Consequences of Marketing Mix, Relationship Marketing, The Supplier and Alliance Market Domain, Supplier Development, Creating Successful Alliances, Achieving Employee Commitment, Benefits of Empowering Employees, The Cost of Empowerment, Customer Commitment, Managing Loyalty, Established Customers are Profitable, Customer Relationship Marketing, The Adoption of CRM, Methodology, Research Approach Strategy Collection, Sampling Strategy, Data Reliability, Validity, Discussion of Access and Ethical Consideration, Data Analysis, Sample Characteristics, Descriptive Statistics, Hypothesis Testing, Means Comparisons, Exploratory Factory Analysis, Conclusions, References, Bib;iography, Appendix. |
| 700 1# - ΠΡΟΣΘΕΤΗ ΑΝΑΓΡΑΦΗ--ΦΥΣΙΚΟ ΠΡΟΣΩΠΟ | |
| Personal name | Kontogiorgos Dimitris |
| 9 (RLIN) | 9077 |
| 700 1# - ΠΡΟΣΘΕΤΗ ΑΝΑΓΡΑΦΗ--ΦΥΣΙΚΟ ΠΡΟΣΩΠΟ | |
| Personal name | Παπαδάκης Γεώργιος |
| 9 (RLIN) | 9076 |
| 942 ## - ADDED ENTRY ELEMENTS (KOHA) | |
| Koha item type | Διπλωματική εργασία |
| Τύπος τεκμηρίου | Βιβλιοθήκη | Τρέχουσα τοποθεσία | Barcode | Ημερομηνία απόκτησης | Ταξιθετικό σύμβολο | Αριθμός αντιτύπου | Κατάσταση απόσυρσης | Κατάσταση χαμένου | Κατάσταση κατεστραμμένου | Μη δανεισμός | Σύνολο δανεισμών | Ημερομηνία τελευταίας εμφάνισης | Η τιμή ισχύει από |
|---|---|---|---|---|---|---|---|---|---|---|---|---|---|
| Διπλωματική εργασία | MC Athens Campus Library | MC Athens Campus Library | 9780000085108 | 05/06/2025 | BUS 2009 (15) | 1 | 05/06/2025 | 05/06/2025 |